书目信息 |
| 题名: |
一生的旅行
|
|
| 作者: | ;孟艳梅 译 ;美国国家地理学会 编著 | |
| 分册: | ||
| 出版信息: | 北京 中国摄影出版社 2013 |
|
| 页数: | 394页 | |
| 开本: | 23cm | |
| 丛书名: | ||
| 单 册: | ||
| 中图分类: | K919.1 | |
| 科图分类: | ||
| 主题词: | 旅游指南--世界 , 旅游指南 | |
| 电子资源: | ||
| ISBN: | 978-7-80236-959-7 | |
| 000 | 00996nam0 2200265 450 | |
| 001 | 006801700 | |
| 005 | 20140610082914.20 | |
| 010 | @a978-7-80236-959-7@dCNY89.00 | |
| 100 | @a20130910d2013 em y0chiy0110 ea | |
| 101 | 1 | @achi@ceng |
| 102 | @aCN@b110000 | |
| 105 | @aab z 000yy | |
| 106 | @ar | |
| 200 | 1 | @a一生的旅行@9yi sheng de lv xing@e环球500条最佳旅游线路@f美国国家地理学会编著@g孟艳梅译 |
| 210 | @a北京@c中国摄影出版社@d2013 | |
| 215 | @a394页@c彩照,地图@d23cm | |
| 330 | @a本书呈现了由国家地理旅行家挑选出的最为精彩的500条线路,书中每一章都集中介绍了一种出行方式或旅游类型,从瑞士阿尔卑斯山区的徒步路线到盘旋飞过吴哥窟上空的直升机等。 | |
| 517 | 1 | @a环球500条最佳旅游线路@9huan qiu 500 tiao zui jia lv you xian lu |
| 606 | 0 | @a旅游指南@y世界 |
| 606 | 0 | @a旅游指南 |
| 690 | @aK919.1@v5 | |
| 702 | 0 | @a孟艳梅@9meng yan mei@c(翻译)@4译 |
| 711 | 02 | @a美国国家地理学会@9mei guo guo jia di li xue hui@4编著 |
| 801 | 0 | @aCN@bNLC@c20131008 |
| 905 | @b846772-74@dK919.1@e217@f3 | |
| 一生的旅行:环球500条最佳旅游线路/美国国家地理学会编著/孟艳梅译.-北京:中国摄影出版社,2013 |
| 394页:彩照,地图;23cm |
| ISBN 978-7-80236-959-7:CNY89.00 |
| 本书呈现了由国家地理旅行家挑选出的最为精彩的500条线路,书中每一章都集中介绍了一种出行方式或旅游类型,从瑞士阿尔卑斯山区的徒步路线到盘旋飞过吴哥窟上空的直升机等。 |
| ● |
| 相关链接 |
|
|
|
|
正题名:一生的旅行
索取号:K919.1/217
 
预约/预借
| 序号 | 登录号 | 条形码 | 馆藏地/架位号 | 状态 | 备注 |
| 1 | 846772 | 208467728 | 第二样本阅览室/ [索取号:K919.1/217] | 在馆 | |
| 2 | 846773 | 208467737 | 第二借阅区/ [索取号:K919.1/217] | 在馆 | |
| 3 | 846774 | 208467746 | 密集书库-资源管理系/ [索取号:K919.1/217] | 在馆 |